Gangadharan on law of plantations labour in Kerala (Record no. 35604)

MARC details
000 -LEADER
fixed length control field 00353nam a2200133Ia 4500
082 ## - DEWEY DECIMAL CLASSIFICATION NUMBER
Classification number 34:331:631.96
Item number GAN;2
100 ## - MAIN ENTRY--AUTHOR NAME
Personal name GANGADHARAN
245 #0 - TITLE STATEMENT
Title Gangadharan on law of plantations labour in Kerala
250 ## - EDITION STATEMENT
Edition statement Ed.2
260 ## - PUBLICATION, DISTRIBUTION, ETC. (IMPRINT)
Place of publication Cochin
Name of publisher KVKM
Year of publication 1979
650 ## - SUBJECT ADDED ENTRY--TOPICAL TERM
Topical Term Plantation labour act
942 ## - ADDED ENTRY ELEMENTS (KOHA)
Koha item type Books
Holdings
Withdrawn status Lost status Damaged status Not for loan Home library Current library Date acquired Full call number Accession Number Koha item type
        RRII Library RRII Library 16/12/2021 34:331:631.96 GAN;2 16026 Books